| 000 | 00741nam a2200229 i 4500 | ||
|---|---|---|---|
| 001 | 106202 | ||
| 003 | ES-MaACL | ||
| 005 | 20240508205134.0 | ||
| 007 | t| | ||
| 008 | 061009s1964 mx ||||1| spa d | ||
| 080 | _a33(038) | ||
| 100 | 1 |
_aRiera Llorca, Vicenç. _997126 |
|
| 245 | 1 | 0 |
_aVocabulario económico / _c[preparado por V. Riera Llorca]. |
| 260 |
_aMéxico, D.F. : _bCentro de Estudios y Documentación Sociales, _c1964. |
||
| 300 |
_a106 p. ; _c19 cm. |
||
| 490 | 1 |
_aManuales de educación cívica ; _v16 |
|
| 500 | _aBiblioteca Juan Andrade. | ||
| 650 | 1 | 4 |
_aEconomía- _xDiccionarios. _912008 |
| 830 | 0 |
_aManuales de educación cívica _v16 _9185133 |
|
| 852 |
_aES-MaACL _jAND-764 _bR.110060 |
||
| 999 |
_c106202 _d106202 |
||